Relevance of manusmrti in modern age / (Record no. 147259)

MARC details
000 -LEADER
fixed length control field 00612nam a22001937a 4500
005 - DATE AND TIME OF LATEST TRANSACTION
control field 20171109104728.0
010 ## - LCCN (DPL NO)
LC control number ENG-121289
020 ## - INTERNATIONAL STANDARD BOOK NUMBER
International Standard Book Number 9788174533692
Terms of availability 750.00
035 ## - SYSTEM CONTROL NUMBER
System control number EN-104821
037 ## - SOURCE OF ACQUISITION
Source of stock number/acquisition DBAD/PUB
082 ## - DEWEY DECIMAL CLASSIFICATION NUMBER
Classification number 220.65
100 ## - MAIN ENTRY--PERSONAL NAME
Personal name Nagar ,Pushpa
245 ## - TITLE STATEMENT
Title Relevance of manusmrti in modern age /
Statement of responsibility, etc by Pushpa Nagar
260 ## - PUBLICATION, DISTRIBUTION, ETC. (IMPRINT)
Place of publication, distribution, etc New Delhi
Name of publisher, distributor, etc Sanjay Parkashan
Date of publication, distribution, etc 2011
270 ## - ADDRESS
Address 4378/4D,209 J.M.D.House , Ansari Road, Darya Ganj.
City New Delhi
Postal code 110007
300 ## - PHYSICAL DESCRIPTION
Extent v,230p.
Dimensions 23cm(Hb)
500 ## - GENERAL NOTE
General note Includes bibliographical references.
942 ## - ADDED ENTRY ELEMENTS (KOHA)
Source of classification or shelving scheme Dewey Decimal Classification
Item type English Books
Classification part 220.65
Call number prefix NAG
Holdings
Withdrawn status Lost status Not for loan Collection code Home library Current library Date acquired Source of acquisition Cost, normal purchase price Full call number Barcode Copy number Cost, replacement price Koha item type
    Not For Loan Non-fiction D.B.Act.Division Bawana 09/11/2017 DBAD/PUB 750.00 220.65 NAG EN-104821 1 750.00 English Books

© Delhi Public Library
Hit Counter
free hit counter